| 000 | 00427nam a22001457a 4500 | ||
|---|---|---|---|
| 082 | _aP-138 | ||
| 100 |
_aIslah Udin Azad Syn no. 4 _947832 |
||
| 245 |
_aSoil Investigation Report And Design Foundation For Over Head Water Tank _cIslah Udin Azad, Sohail Qadar Butt. |
||
| 260 |
_aRisalpur. _bMCE. _cc2000. |
||
| 300 | _a105 p. | ||
| 526 |
_a0 _b0 _c0 _dP_138 |
||
| 650 | _aProject. | ||
| 700 |
_aAbeer. _947833 |
||
| 942 |
_2ddc _cBK |
||
| 999 |
_c550950 _d550950 |
||